| 000 | 00000nam 2200000za 4500 |
| 001 | 9.850218 |
| 003 | CaOODSP |
| 005 | 20221107154115 |
| 007 | cr ||||||||||| |
| 008 | 180117s1985 onc #os|||f|0| 0|fre d |
| 020 | |z0-660-52857-6 |
| 040 | |aCaOODSP|bfre |
| 041 | |afre|aeng |
| 043 | |an-cn--- |
| 086 | 1 |aCS13-579/1985-PDF |
| 245 | 00|aSupplement to "Historical tables for census education data, 1971, 1976 and 1981" |h[ressource électronique] = |bSupplément aux "Tableaux chronologiques des données sur l'éducation, recensement de 1971, 1976 et 1981". |
| 246 | 11|aSupplément aux "Tableaux chronologiques des données sur l'éducation, recensement de 1971, 1976 et 1981" |
| 260 | |aOttawa : |bStatistique Canada, |c1985. |
| 300 | |a76 p. |
| 500 | |aÉdition numérisée de l'imprimé [par Statistique Canada]. |
| 500 | |aEn majeure partie des tableaux. |
| 500 | |a« Novembre 1985. » |
| 520 | |a« Ce bulletin présente neuf tableaux renfermant des données supplémentaires à celles de neuf autres tableaux publiés dans le bulletin Tableaux chronologiques de données sur l'éducation, recensements de 1971, 1976 et 1981, (no 13-579 au catalogue) »--Introduction. |
| 546 | |aTexte en français et en anglais. |
| 692 | 07|2gccst|aDonnées du recensement |
| 692 | 07|2gccst|aÉducation |
| 692 | 07|2gccst|aPopulation |
| 710 | 1 |aCanada.|bStatistique Canada.|bDivision des statistiques sociales, du logement et des familles. |
| 791 | |tSupplement to "Historical tables for census education data 1971, 1976 and 1981" |eeng|w(CaOODSP)9.850213 |
| 795 | |tHistorical tables for census education data, 1971, 1976 and 1981 |w(CaOODSP)9.850210 |
| 856 | 40|qPDF|s18.61 Mo|uhttps://publications.gc.ca/collections/collection_2018/statcan/CS13-579-1985.pdf |
| 986 | |a13-579S |